Logamaya kasih (Record no. 89191)

MARC details
000 -LEADER
fixed length control field 00646nam a2200241 i 4500
001 - CONTROL NUMBER
control field C2-0282994
003 - CONTROL NUMBER IDENTIFIER
control field PPAK
005 - DATE AND TIME OF LATEST TRANSACTION
control field 20180728013225.0
008 - FIXED-LENGTH DATA ELEMENTS--GENERAL INFORMATION
fixed length control field 071107s2007 my |||| ||||| | may d
020 ## - INTERNATIONAL STANDARD BOOK NUMBER
International Standard Book Number 9789831953327
040 ## - CATALOGING SOURCE
Original cataloging agency PPAK
Language of cataloging eng
Transcribing agency PPAK
Description conventions rda
082 04 - DEWEY DECIMAL CLASSIFICATION NUMBER
Classification number 899.233
Edition number 23
090 00 - LOCALLY ASSIGNED LC-TYPE CALL NUMBER (OCLC); LOCAL CALL NUMBER (RLIN)
Classification number (OCLC) (R) ; Classification number, CALL (RLIN) (NR) 899.233
Feature heading ABD
Feature heading G
100 0# - MAIN ENTRY--PERSONAL NAME
Personal name Abdul Razak Abdullah,
Relator term author
245 10 - TITLE STATEMENT
Title Logamaya kasih
264 #1 - PRODUCTION, PUBLICATION, DISTRIBUTION, MANUFACTURE, AND COPYRIGHT NOTICE
Place of production, publication, distribution, manufacture Shah Alam, Selangor :
Name of producer, publisher, distributor, manufacturer Karisma Publications ,
Date of production, publication, distribution, manufacture, or copyright notice 2007
300 ## - PHYSICAL DESCRIPTION
Extent 242 pages ;
Dimensions 19 cm
336 ## - CONTENT TYPE
Source rdacontent
Content type term text
337 ## - MEDIA TYPE
Source rdamedia
Media type term unmediated
338 ## - CARRIER TYPE
Source rdacarrier
Carrier type term volume
650 10 - SUBJECT ADDED ENTRY--TOPICAL TERM
Topical term or geographic name entry element Malay fiction.
942 ## - ADDED ENTRY ELEMENTS (KOHA)
-- dc
Koha item type Book
Holdings
Withdrawn Not for loan Current library Shelving location Date acquired Full call number Barcode Date last seen Koha item type Total Checkouts Date last checked out
    Perpustakaan Alor Setar Pinjaman Dewasa 23/02/2016 899.233 ABD A00877211 13/01/2025 Book 1 29/12/2024
    Perpustakaan Awam Sungai Petani Pinjaman Dewasa 19/02/2008 899.233 ABD A01231229 09/05/2018 Book    
    Perpustakaan Baling Pinjaman Dewasa 19/02/2008 899.233 ABD A01231235 09/05/2018 Book    
    Perpustakaan Bandar Baharu Pinjaman Dewasa 19/02/2008 899.233 ABD A01231236 09/05/2018 Book    
    Perpustakaan Jitra Pinjaman Dewasa 19/02/2008 899.233 ABD A01231230 09/05/2018 Book    
    Perpustakaan Kuala Nerang Pinjaman Dewasa 19/02/2008 899.233 ABD A01231237 09/05/2018 Book    
    Perpustakaan Sik Pinjaman Dewasa 19/02/2008 899.233 ABD A01231234 09/05/2018 Book    
    Perpustakaan Yan Pinjaman Dewasa 19/02/2008 899.233 ABD A01231233 09/05/2018 Book    
    PD04, Kg. Bukit Nambua, Kuala Nerang Pinjaman Dewasa 07/03/2017 899.233 ABD A00730013 09/05/2018 Book    
    PD37, Kg. Belat, Pendang Pinjaman Dewasa 19/02/2008 899.233 ABD A01231238 09/05/2018 Book